Taloo-O-Gharoob (Record no. 585785)

000 -LEADER
fixed length control field 00358nam a22001457a 4500
020 ## - INTERNATIONAL STANDARD BOOK NUMBER
International Standard Book Number 9789693520606
040 ## - CATALOGING SOURCE
Transcribing agency NUST
082 ## - DEWEY DECIMAL CLASSIFICATION NUMBER
Classification number 891.4393
Author Mark QAS
100 ## - MAIN ENTRY--PERSONAL NAME
Personal name Qasmi, Ahmad Nadeem
9 (RLIN) 3596
245 ## - TITLE STATEMENT
Title Taloo-O-Gharoob
260 ## - PUBLICATION, DISTRIBUTION, ETC.
Place of publication, distribution, etc. LAHORE
Name of publisher, distributor, etc. Sang-E-Meel Publications
Date of publication, distribution, etc. 2007
300 ## - PHYSICAL DESCRIPTION
Other physical details 143P
650 ## - SUBJECT ADDED ENTRY--TOPICAL TERM
Source of heading or term Urdu Literature-Short Stories
942 ## - ADDED ENTRY ELEMENTS (KOHA)
Source of classification or shelving scheme
Koha item type Book
Holdings
Withdrawn status Lost status Source of classification or shelving scheme Materials specified (bound volume or other part) Damaged status Not for loan Permanent Location Current Location Shelving location Date acquired Shelving control number Full call number Barcode Date last seen Price effective from Koha item type Public note
      BOOK     College of Electrical & Mechanical Engineering (CEME) College of Electrical & Mechanical Engineering (CEME) Fiction 07/07/2021 Urdu Literature 891.4393 QAS CEME-50115 07/07/2021 07/07/2021 Book 1.0
© 2023 Central Library, National University of Sciences and Technology. All Rights Reserved.